000 00559nam a2200193 i 4500
001 14187
003 ES-MaACL
005 20230906150736.0
007 t|
008 980611s1990 sp ||||0| spa j
040 _aM-BN
_bspa
_cM-BN
080 _a821.134.2-14"19"
100 1 _aCastro, Juana.
_936874
245 1 0 _aJuana Castro.
260 _a[Málaga :
_bCentro Cultural de la Generación del 27],
_c[1990]
300 _a[12] p. :
_b1 retr. ;
_c22 cm.
710 2 _aCentro Cultural Generación del 27.
_92582
852 _aES-MaACL
_j2153-F-16
_bR.119457
999 _c14187
_d14187